[Event "Internet2 blitz"]
[Site "Internet"]
[Date "2004.04.24"]
[Round "?"]
[White "Plaskett, H James"]
[Black "Martinovsky, Eugene Simeon"]
[Result "0-1"]
[WhiteElo "2483"]
[BlackElo "2299"]
[PlyCount "40"]
[EventDate "2004.04.??"]
[EventType "tourn (blitz)"]
[EventRounds "12"]
[EventCountry "NET"]
[SourceTitle "EXT 2005"]
[Source "ChessBase"]
[SourceDate "2004.11.15"]
[SourceVersion "1"]
[SourceVersionDate "2004.11.15"]
[SourceQuality "1"]

1. e4 e5 2. Nf3 Nf6 3. d4 Nxe4 4. Bd3 d5 5. Nxe5 Bd6 6. 0-0 0-0 7. Nc3 Nxc3 8. bxc3 Nd7 9. f4 c5 10. Rf3 Nf6 11. dxc5 Bxc5+ 12. Be3 Qc7 13. Bd4 Ne4 14. Qe1 f6 15. Nc4 Bg4 16. Re3 Rad8 17. Bxe4 dxe4 18. Nd2 Rxd4 19. cxd4 Bxd4 20. c3 Qxc3 0-1

[Event "Owens Corning"]
[Site "Wrexham"]
[Date "1998.11.26"]
[Round "9"]
[White "Martinovsky, Eugene Simeon"]
[Black "Thorhallsson, Throstur"]
[Result "0-1"]
[WhiteElo "2365"]
[BlackElo "2495"]
[PlyCount "72"]
[EventDate "1998.11.08"]
[EventType "tourn"]
[EventRounds "9"]
[EventCountry "WLS"]
[EventCategory "7"]
[SourceTitle "CBM 067 Extra"]
[Source "ChessBase"]
[SourceDate "1999.01.01"]
[SourceVersion "1"]
[SourceVersionDate "1999.01.01"]
[SourceQuality "1"]

1. d4 d5 2. c4 dxc4 3. Nf3 Nf6 4. e3 e6 5. Bxc4 a6 6. a3 b5 7. Ba2 Bb7 8. 0-0 Nbd7 9. Nc3 c5 10. Qe2 cxd4 11. Nxd4 Qb6 12. Rd1 Bc5 13. Nb3 Bd6 14. e4 Be5 15. Be3 Qc7 16. h3 Bxc3 17. Rac1 Qc4 18. Qf3 Bxe4 19. Qg3 Qe2 20. bxc3 Qxa2 21. Nc5 Bd5 22. c4 bxc4 23. Qd6 Rd8 24. Nxa6 Rc8 25. Ra1 Qc2 26. Bc5 Nxc5 27. Rxd5 Nxd5 28. Nxc5 Rd8 29. Qc6+ Kf8 30. Re1 g6 31. Nd7+ Kg7 32. Ne5 Rhf8 33. Nd7 Rxd7 34. Qxd7 Qd2 35. Rxe6 c3 36. Rd6 c2 0-1

[Event "Owens Corning"]
[Site "Wrexham"]
[Date "1998.11.25"]
[Round "8"]
[White "Pedersen, Steffen"]
[Black "Martinovsky, Eugene Simeon"]
[Result "1-0"]
[WhiteElo "2415"]
[BlackElo "2365"]
[PlyCount "71"]
[EventDate "1998.11.08"]
[EventType "tourn"]
[EventRounds "9"]
[EventCountry "WLS"]
[EventCategory "7"]
[SourceTitle "CBM 067 Extra"]
[Source "ChessBase"]
[SourceDate "1999.01.01"]
[SourceVersion "1"]
[SourceVersionDate "1999.01.01"]
[SourceQuality "1"]

1. d4 d5 2. c4 e6 3. Nc3 Nf6 4. Nf3 Nbd7 5. Qc2 a6 6. cxd5 Nxd5 7. e4 Nb4 8. Qd1 c5 9. a3 Nc6 10. d5 Nce5 11. dxe6 Nxf3+ 12. Qxf3 fxe6 13. Be2 Qf6 14. Qg3 Be7 15. 0-0 0-0 16. f4 b5 17. e5 Qh4 18. Qxh4 Bxh4 19. a4 b4 20. Ne4 Bb7 21. Nd6 Bd5 22. a5 Bd8 23. Rd1 g5 24. g3 Bc7 25. Nc4 Kh8 26. Ne3 gxf4 27. Nxd5 exd5 28. Rxd5 fxg3 29. Rxd7 gxh2+ 30. Kh1 Bxe5 31. Bh6 Rf2 32. Rad1 Bd4 33. R1xd4 cxd4 34. Bg7+ Kg8 35. Bc4+ Rf7 36. Rxf7 1-0

[Event "Owens Corning"]
[Site "Wrexham"]
[Date "1998.11.21"]
[Round "4"]
[White "Brynell, Stellan"]
[Black "Martinovsky, Eugene Simeon"]
[Result "1-0"]
[WhiteElo "2485"]
[BlackElo "2365"]
[PlyCount "75"]
[EventDate "1998.11.08"]
[EventType "tourn"]
[EventRounds "9"]
[EventCountry "WLS"]
[EventCategory "7"]
[SourceTitle "CBM 067 Extra"]
[Source "ChessBase"]
[SourceDate "1999.01.01"]
[SourceVersion "1"]
[SourceVersionDate "1999.01.01"]
[SourceQuality "1"]

1. e4 e5 2. Nf3 Nc6 3. Bb5 g6 4. d4 exd4 5. Bg5 Be7 6. Bxe7 Ngxe7 7. Nxd4 0-0 8. Nc3 d5 9. Bxc6 bxc6 10. Nb3 dxe4 11. Nxe4 Bf5 12. Nbc5 Qxd1+ 13. Rxd1 Rfd8 14. Ke2 Kf8 15. Rxd8+ Rxd8 16. Rd1 Nd5 17. Kf3 h5 18. h3 Ke7 19. Re1 Kf8 20. a3 Nb6 21. b3 Rd5 22. Re3 Nd7 23. Nxd7+ Rxd7 24. Rc3 Bxe4+ 25. Kxe4 Rd6 26. Rc4 Ke7 27. Ke3 Kd7 28. Rf4 f5 29. Rd4 a6 30. Rxd6+ Kxd6 31. Kf4 Ke6 32. Kg5 Kf7 33. b4 Kg7 34. a4 Kf7 35. a5 Kg7 36. c4 Kf7 37. b5 cxb5 38. cxb5 1-0

[Event "Monarch Assurance 07th"]
[Site "Port Erin"]
[Date "1998.11.13"]
[Round "7"]
[White "Martinovsky, Eugene Simeon"]
[Black "Summerscale, Aaron"]
[Result "1-0"]
[WhiteElo "2365"]
[BlackElo "2455"]
[PlyCount "105"]
[EventDate "1998.11.07"]
[EventType "swiss"]
[EventRounds "9"]
[EventCountry "IOM"]
[SourceTitle "CBM 067 Extra"]
[Source "ChessBase"]
[SourceDate "1999.01.01"]
[SourceVersion "1"]
[SourceVersionDate "1999.01.01"]
[SourceQuality "1"]

1. d4 d6 2. Nf3 f5 3. g3 Nf6 4. Bg2 g6 5. 0-0 Bg7 6. b3 0-0 7. Bb2 c6 8. Nbd2 Qc7 9. a4 Ng4 10. e4 f4 11. h3 Nh6 12. g4 Nf7 13. Qe2 e5 14. dxe5 dxe5 15. Nc4 Be6 16. Rfd1 c5 17. Ba3 b6 18. Bf1 Nc6 19. c3 h5 20. gxh5 g5 21. Nh2 Bf6 22. Ng4 Be7 23. Qf3 Kg7 24. Rd5 Rh8 25. Rad1 Rxh5 26. Nge3 g4 27. Nxg4 Rah8 28. R5d3 Ng5 29. Qg2 Qc8 30. Be2 f3 31. Rxf3 Bxg4 32. hxg4 Nh3+ 33. Kf1 Nf4 34. gxh5+ Nxg2 35. Rg3+ Kf8 36. Kxg2 Rg8 37. Bc1 Qe6 38. h6 Rxg3+ 39. fxg3 Qg6 40. Bf3 Kg8 41. Ne3 Qxh6 42. Nf5 Qf6 43. Be2 Na5 44. Rd7 Bf8 45. Rxa7 Qd8 46. g4 Kh8 47. Nh6 Qh4 48. Bg5 Qe1 49. Bf6+ Bg7 50. Bxg7+ Kh7 51. Bf8+ Kg6 52. Rg7+ Kf6 53. g5+ 1-0

[Event "US Masters op"]
[Site "Hawaii"]
[Date "1998.07.26"]
[Round "6"]
[White "Martinovsky, Eugene Simeon"]
[Black "Zaremba, Andrie"]
[Result "0-1"]
[WhiteElo "2365"]
[BlackElo "2245"]
[PlyCount "102"]
[EventDate "1998.07.??"]
[EventType "swiss"]
[EventRounds "9"]
[EventCountry "USA"]
[SourceTitle "EXT 1999"]
[Source "ChessBase"]
[SourceDate "1998.11.16"]
[SourceVersion "1"]
[SourceVersionDate "1998.11.16"]
[SourceQuality "1"]

1. e4 c5 2. Nc3 d6 3. g3 Nc6 4. Bg2 g6 5. d3 Bg7 6. Be3 e6 7. Qd2 Nge7 8. Bh6 Bxh6 9. Qxh6 Nd4 10. Rc1 Ng8 11. Qd2 e5 12. Nge2 Ne7 13. 0-0 0-0 14. f4 f6 15. fxe5 dxe5 16. Nd5 Nxe2+ 17. Qxe2 Kg7 18. a3 Be6 19. Qf3 Qd6 20. Rcd1 Bxd5 21. exd5 Rad8 22. c4 Nf5 23. Rf2 Nd4 24. Qe3 f5 25. b4 b6 26. bxc5 bxc5 27. Rb2 Rf7 28. Rdb1 f4 29. Qe4 f3 30. Bf1 Rdf8 31. Kf2 Qf6 32. Bh3 h5 33. Bf1 g5 34. a4 g4 35. h4 Re8 36. Rb8 Rxb8 37. Rxb8 Qd6 38. Rb1 Re7 39. Qe3 Qf6 40. a5 Nf5 41. Qxc5 Nxh4 42. d6 Rf7 43. d4 Ng6 44. dxe5 Nxe5 45. Rb5 Ng6 46. Bd3 h4 47. Bxg6 hxg3+ 48. Kxg3 Qf4+ 49. Kh4 Qh2+ 50. Kg5 Qh6+ 51. Kxg4 Rf4+ 0-1

[Event "US Masters op"]
[Site "Hawaii"]
[Date "1998.07.25"]
[Round "5"]
[White "Chavira, Wilmer"]
[Black "Martinovsky, Eugene Simeon"]
[Result "0-1"]
[WhiteElo "2230"]
[BlackElo "2365"]
[PlyCount "124"]
[EventDate "1998.07.??"]
[EventType "swiss"]
[EventRounds "9"]
[EventCountry "USA"]
[SourceTitle "EXT 1999"]
[Source "ChessBase"]
[SourceDate "1998.11.16"]
[SourceVersion "1"]
[SourceVersionDate "1998.11.16"]
[SourceQuality "1"]

1. e4 e5 2. Nf3 Nc6 3. Bb5 a6 4. Ba4 Nf6 5. Qe2 b5 6. Bb3 Bc5 7. c3 d6 8. d3 h6 9. Nbd2 0-0 10. h3 Bb6 11. Nf1 Ne7 12. g4 Ng6 13. Ng3 d5 14. Nf5 Bb7 15. Bc2 Re8 16. 0-0 Qd7 17. N3h4 Nh7 18. Ng2 c5 19. h4 Bd8 20. Bd2 Rc8 21. Rad1 Bf6 22. Qf3 Qd8 23. Qg3 Rc7 24. Bc1 Rd7 25. Kh2 Ne7 26. Rg1 c4 27. dxc4 bxc4 28. b3 dxe4 29. Nge3 cxb3 30. axb3 Ng6 31. Rxd7 Qxd7 32. Rd1 Qc7 33. Nc4 Be7 34. g5 hxg5 35. hxg5 Nf4 36. Ncd6 Rf8 37. Nxe4 Bxe4 38. Nxe7+ Qxe7 39. Bxe4 Nxg5 40. Rg1 f6 41. Re1 Nxe4 42. Rxe4 g5 43. Re1 Qh7+ 44. Kg1 Nd3 45. Rd1 Nxc1 46. Rxc1 Rd8 47. Qg4 Qd3 48. Qe6+ Kg7 49. c4 Rh8 50. Qe7+ Kg6 51. Qb7 e4 52. Re1 Rh4 53. Qc8 Qf3 54. Qg8+ Kh6 55. Qh8+ Kg6 56. Qg8+ Kf5 57. Qd5+ Kf4 58. Qd6+ Kg4 59. Qd7+ f5 60. Rxe4+ Qxe4 61. Qd1+ Qf3 62. Qd4+ Kh3 0-1

[Event "US Masters op"]
[Site "Hawaii"]
[Date "1998.07.22"]
[Round "2"]
[White "Martinovsky, Eugene Simeon"]
[Black "Takata, Reynolds"]
[Result "0-1"]
[WhiteElo "2365"]
[BlackElo "2235"]
[PlyCount "98"]
[EventDate "1998.07.??"]
[EventType "swiss"]
[EventRounds "9"]
[EventCountry "USA"]
[SourceTitle "EXT 1999"]
[Source "ChessBase"]
[SourceDate "1998.11.16"]
[SourceVersion "1"]
[SourceVersionDate "1998.11.16"]
[SourceQuality "1"]

1. d4 Nf6 2. Nf3 c5 3. e3 e6 4. c4 cxd4 5. exd4 d5 6. Nc3 Bb4 7. Bd3 Nbd7 8. 0-0 dxc4 9. Bxc4 0-0 10. Bg5 h6 11. Bh4 Qa5 12. Rc1 Bxc3 13. Rxc3 b5 14. Bb3 b4 15. Rc1 Bb7 16. Re1 Qh5 17. Bg3 Bxf3 18. Qxf3 Qxf3 19. gxf3 Nb6 20. Bd6 Rfd8 21. Bxb4 Rxd4 22. Bc3 Rf4 23. Kg2 Nbd5 24. Be5 Rf5 25. Bc2 Rg5+ 26. Kf1 Nb4 27. Bb1 Nd7 28. f4 Rh5 29. Be4 Re8 30. Bd6 Nd5 31. Bf3 Rf5 32. Be4 Rh5 33. Bf3 Rf5 34. Bg4 Rf6 35. f5 e5 36. Bc7 Rc8 37. Ba5 Rxc1 38. Rxc1 Ra6 39. b4 N7f6 40. Be2 Rd6 41. b5 Nf4 42. Rc8+ Kh7 43. Rc7 Rd4 44. Rxa7 Ra4 45. b6 Rxa2 46. Bc3 Rxe2 47. Rc7 Ng4 48. b7 Rxf2+ 49. Ke1 Nd3+ 0-1

[Event "Sioux Falls op"]
[Site "Sioux Falls"]
[Date "1998.??.??"]
[Round "?"]
[White "Blankenau, Mike P"]
[Black "Martinovsky, Eugene Simeon"]
[Result "1-0"]
[WhiteElo "2260"]
[BlackElo "2365"]
[PlyCount "59"]
[EventDate "1998.??.??"]
[EventType "swiss"]
[EventRounds "5"]
[EventCountry "USA"]
[SourceTitle "EXT 2002"]
[Source "ChessBase"]
[SourceDate "2001.11.25"]
[SourceVersion "1"]
[SourceVersionDate "2001.11.25"]
[SourceQuality "1"]

1. Nf3 e6 2. c4 f5 3. b3 Nf6 4. Bb2 c5 5. g3 b6 6. Bg2 Bb7 7. 0-0 Be7 8. d4 d6 9. Nc3 Ne4 10. dxc5 Nxc5 11. b4 Nca6 12. Nd4 Bxg2 13. Nxe6 Qc8 14. Nxg7+ Kf7 15. Kxg2 Kxg7 16. Nd5+ Kf7 17. Bxh8 Qxh8 18. b5 Nc5 19. Nc7 Nbd7 20. Qd5+ Kf6 21. Qxa8 Qxa8+ 22. Nxa8 Bd8 23. Rad1 Nb7 24. f3 Ne5 25. Rd4 Kf7 26. e4 fxe4 27. Rxe4 Nc5 28. Rd4 Nb7 29. Re1 h6 30. Rxe5 1-0

[Event "US Masters op"]
[Site "Hawaii"]
[Date "1998.??.??"]
[Round "3"]
[White "Chapin, Chip E"]
[Black "Martinovsky, Eugene Simeon"]
[Result "0-1"]
[WhiteElo "2080"]
[BlackElo "2365"]
[PlyCount "118"]
[EventDate "1998.07.??"]
[EventType "swiss"]
[EventRounds "9"]
[EventCountry "USA"]
[SourceTitle "EXT 1999"]
[Source "ChessBase"]
[SourceDate "1998.11.16"]
[SourceVersion "1"]
[SourceVersionDate "1998.11.16"]
[SourceQuality "1"]

1. e4 e5 2. Nf3 Nc6 3. Bb5 a6 4. Ba4 Nf6 5. 0-0 Bc5 6. Nxe5 Nxe5 7. d4 Nxe4 8. dxc5 Nxc5 9. Qd5 Qe7 10. Nc3 Nxa4 11. Nxa4 0-0 12. Bf4 d6 13. Rfe1 Re8 14. Bxe5 dxe5 15. f4 Qb4 16. Re4 Qd6 17. Rxe5 Rxe5 18. Qxe5 Qxe5 19. fxe5 Bf5 20. Nc5 b6 21. Nd3 Rd8 22. Kf2 Kf8 23. Re1 Bxd3 24. Rd1 Rd5 25. Rxd3 Rxe5 26. Rd8+ Ke7 27. Rh8 h6 28. Ra8 a5 29. Rc8 Rc5 30. c3 a4 31. Ra8 Rb5 32. Rxa4 Rxb2+ 33. Kf3 f5 34. h4 Rc2 35. Ra3 h5 36. g3 Ke6 37. Kf4 g6 38. Kg5 Kf7 39. Kf4 Kf6 40. Kf3 Ke5 41. Ke3 Kf6 42. Kf4 c6 43. Ra6 Rf2+ 44. Ke3 Rb2 45. Kf4 Rb5 46. a4 Ra5 47. Rxb6 Rxa4+ 48. Ke3 Rc4 49. Kd3 Rg4 50. Rxc6+ Ke5 51. Ra6 Rxg3+ 52. Kc4 f4 53. Ra1 Re3 54. Kb4 f3 55. c4 f2 56. Rf1 Re2 57. Kc5 Kf4 58. Kd4 Kf3 59. Kd3 Re1 0-1

[Event "Berliner Sommer 16th"]
[Site "Berlin"]
[Date "1998.??.??"]
[Round "4"]
[White "Martinovsky, Eugene Simeon"]
[Black "Lehmann, Holger"]
[Result "1/2-1/2"]
[WhiteElo "2365"]
[BlackElo "2155"]
[PlyCount "117"]
[EventDate "1998.08.08"]
[EventType "swiss"]
[EventRounds "9"]
[EventCountry "GER"]
[SourceTitle "CBM 066 Extra"]
[Source "ChessBase"]
[SourceDate "1998.11.06"]
[SourceVersion "1"]
[SourceVersionDate "1998.11.06"]
[SourceQuality "1"]

1. d4 d5 2. c4 c6 3. Nc3 dxc4 4. Nf3 b5 5. e4 e6 6. Be2 Bb7 7. 0-0 a6 8. Be3 Nd7 9. Qc2 Ngf6 10. Rad1 Qc7 11. e5 Nd5 12. Ng5 Be7 13. Nxd5 cxd5 14. Nxh7 b4 15. Ng5 Nf8 16. h3 Bc6 17. f4 g6 18. Rc1 Qa5 19. Qb1 Bb5 20. Rf2 Qb6 21. Kh2 Nd7 22. Rf3 Rc8 23. Rg3 Nf8 24. Bd3 c3 25. bxc3 Bxd3 26. Qxd3 Bxg5 27. fxg5 b3 28. axb3 Qxb3 29. Qxa6 Qc4 30. Qa3 Nd7 31. Rf3 Nb6 32. Rb1 Qc7 33. Bc1 Ra8 34. Qb4 Nc4 35. Qb5+ Kf8 36. Qb7 Ra7 37. Qxc7 Rxc7 38. Ra1 Kg7 39. Ra6 Rb8 40. Ba3 Rcb7 41. Bb4 Nd2 42. Rd3 Ne4 43. Rd1 Rc8 44. h4 Rh8 45. g3 Nxg5 46. Kg2 Ne4 47. Rda1 Rc7 48. Ra7 Rhc8 49. Rxc7 Rxc7 50. Ra3 g5 51. hxg5 Nxg5 52. g4 Ne4 53. Kf3 Rc8 54. Kf4 Kg6 55. Ra2 Rc7 56. Rc2 Rc4 57. Rc1 Nf2 58. Rb1 Ne4 59. Rc1 1/2-1/2

[Event "Wichern op 4th"]
[Site "Hamburg"]
[Date "1997.??.??"]
[Round "9"]
[White "Hawellek, Jeronimo"]
[Black "Martinovsky, Eugene Simeon"]
[Result "0-1"]
[WhiteElo "2195"]
[BlackElo "2345"]
[PlyCount "60"]
[EventDate "1997.10.??"]
[EventType "swiss"]
[EventRounds "9"]
[EventCountry "GER"]
[SourceTitle "EXT 1998"]
[Source "ChessBase"]
[SourceDate "1997.11.17"]
[SourceVersion "1"]
[SourceVersionDate "1997.11.17"]
[SourceQuality "1"]

1. e4 e5 2. Nf3 Nc6 3. Bb5 a6 4. Bxc6 dxc6 5. Nc3 f6 6. d4 exd4 7. Nxd4 c5 8. Nde2 Qxd1+ 9. Nxd1 Be6 10. h4 0-0-0 11. Be3 b6 12. h5 Ne7 13. Ndc3 Nc6 14. Nf4 Bf7 15. Nfd5 f5 16. f3 fxe4 17. fxe4 Bd6 18. 0-0-0 h6 19. g4 Be5 20. Rdf1 Rd7 21. Rf2 Bd4 22. Re1 Re8 23. Rg2 Bxd5 24. Nxd5 Rxd5 25. exd5 Rxe3 26. Rge2 Rxe2 27. Rxe2 Nd8 28. c4 Kd7 29. b3 Nf7 30. Re6 Ne5 0-1

[Event "Wch Seniors 07th"]
[Site "Bad Wildbad"]
[Date "1997.??.??"]
[Round "5"]
[White "Hoffmann, Hans"]
[Black "Martinovsky, Eugene Simeon"]
[Result "1-0"]
[WhiteElo "2210"]
[BlackElo "2345"]
[PlyCount "121"]
[EventDate "1997.11.13"]
[EventType "swiss"]
[EventRounds "11"]
[EventCountry "GER"]
[SourceTitle "EXT 1999"]
[Source "ChessBase"]
[SourceDate "1998.11.16"]
[SourceVersion "1"]
[SourceVersionDate "1998.11.16"]
[SourceQuality "1"]

1. c4 e5 2. Nc3 Nc6 3. g3 d6 4. Bg2 Be6 5. d3 Qd7 6. Nf3 Bh3 7. 0-0 Bxg2 8. Kxg2 g6 9. Nd5 Bg7 10. e4 Nd8 11. Bg5 Ne6 12. Qd2 c6 13. Nc3 h6 14. Be3 Nd4 15. Bxd4 exd4 16. Ne2 c5 17. Nfg1 Ne7 18. Nf4 0-0 19. b4 b5 20. cxb5 Qxb5 21. bxc5 Qxc5 22. Rfc1 Qa3 23. Rc7 Rfe8 24. Rb1 Rac8 25. Rbb7 Rxc7 26. Rxc7 Kf8 27. Qc2 Qa6 28. Qc4 Qxc4 29. Rxc4 Rc8 30. Rxc8+ Nxc8 31. Nd5 Ne7 32. Nxe7 Kxe7 33. Kf1 d5 34. Ke2 Kd6 35. f4 dxe4 36. dxe4 Kc5 37. Kd3 Kb4 38. Ne2 Ka3 39. e5 Kxa2 40. Nxd4 a5 41. Nc6 a4 42. Kc2 Ka3 43. g4 h5 44. gxh5 gxh5 45. f5 Bf8 46. h4 Ka2 47. f6 Bc5 48. Nd8 a3 49. e6 fxe6 50. Nxe6 Bd6 51. f7 Ka1 52. Ng7 Bf8 53. Nxh5 Bh6 54. Nf6 Bf8 55. h5 Bg7 56. Nd5 Bh6 57. Ne7 Bf8 58. Nf5 Ka2 59. h6 Ka1 60. h7 Bg7 61. f8Q 1-0

[Event "Wch Seniors 07th"]
[Site "Bad Wildbad"]
[Date "1997.??.??"]
[Round "9"]
[White "Martinovsky, Eugene Simeon"]
[Black "Arkhangelsky, Boris Nikolaevich"]
[Result "0-1"]
[WhiteElo "2345"]
[BlackElo "2405"]
[PlyCount "74"]
[EventDate "1997.11.13"]
[EventType "swiss"]
[EventRounds "11"]
[EventCountry "GER"]
[SourceTitle "EXT 1999"]
[Source "ChessBase"]
[SourceDate "1998.11.16"]
[SourceVersion "1"]
[SourceVersionDate "1998.11.16"]
[SourceQuality "1"]

1. d4 d5 2. c4 e6 3. Nc3 c6 4. Nf3 Nf6 5. g3 dxc4 6. Bg2 Nbd7 7. 0-0 Be7 8. e4 0-0 9. a4 Bb4 10. Qe2 Qa5 11. Bd2 e5 12. Nxe5 Nxe5 13. dxe5 Qxe5 14. Qxc4 a5 15. Rfe1 Qh5 16. e5 Ng4 17. h3 Nxe5 18. Qe4 Nd7 19. Qf4 Nc5 20. Re5 Qg6 21. Qh4 h6 22. Rae1 Bf5 23. g4 Bc2 24. f4 f5 25. g5 Rad8 26. R1e2 Bd3 27. R2e3 hxg5 28. fxg5 f4 29. Rf3 Nxa4 30. Rxf4 Rxf4 31. Qxf4 Nxc3 32. bxc3 Bd6 33. Qd4 Bc7 34. Be4 Bxe4 35. Qxe4 Qxe4 36. Rxe4 Rxd2 37. g6 Kf8 0-1

[Event "Wichern op 4th"]
[Site "Hamburg"]
[Date "1997.??.??"]
[Round "8"]
[White "Martinovsky, Eugene Simeon"]
[Black "Schulz, Hans Juergen"]
[Result "1-0"]
[WhiteElo "2345"]
[BlackElo "2105"]
[PlyCount "51"]
[EventDate "1997.10.??"]
[EventType "swiss"]
[EventRounds "9"]
[EventCountry "GER"]
[SourceTitle "EXT 1998"]
[Source "ChessBase"]
[SourceDate "1997.11.17"]
[SourceVersion "1"]
[SourceVersionDate "1997.11.17"]
[SourceQuality "1"]

1. d4 Nf6 2. c4 e5 3. dxe5 Ne4 4. Nd2 Bb4 5. Ngf3 d5 6. a3 Bxd2+ 7. Nxd2 Nxd2 8. Bxd2 Nc6 9. cxd5 Qxd5 10. Bc3 Qe4 11. Qd3 Qa4 12. e3 Qh4 13. g3 Qh6 14. Bg2 Be6 15. Qb5 Bd7 16. Qxb7 0-0 17. Rd1 Rfb8 18. Qxc7 Be8 19. Rd6 Qh5 20. Rxc6 Bxc6 21. Qxc6 g5 22. 0-0 Re8 23. e6 Rad8 24. e7 Rc8 25. Qf6 Qg6 26. Qh8# 1-0

[Event "Chicago op"]
[Site "Chicago"]
[Date "1997.??.??"]
[Round "4"]
[White "Shahade, Jennifer"]
[Black "Martinovsky, Eugene Simeon"]
[Result "0-1"]
[WhiteElo "2085"]
[BlackElo "2265"]
[PlyCount "86"]
[EventDate "1997.05.26"]
[EventType "swiss"]
[EventRounds "7"]
[EventCountry "USA"]
[SourceTitle "EXT 2000"]
[Source "ChessBase"]
[SourceDate "1999.11.16"]
[SourceVersion "1"]
[SourceVersionDate "1999.11.16"]
[SourceQuality "1"]

1. e4 e5 2. Nf3 Nc6 3. Bc4 Bc5 4. c3 Nf6 5. d4 exd4 6. cxd4 Bb4+ 7. Bd2 Bxd2+ 8. Nbxd2 d5 9. exd5 Nxd5 10. Qb3 Nce7 11. 0-0 c6 12. Rfe1 0-0 13. Ne4 Nb6 14. Nc5 Nxc4 15. Qxc4 Qd5 16. Rac1 Qxc4 17. Rxc4 Nd5 18. Ng5 f6 19. Nge4 b6 20. Nb3 Re8 21. Rcc1 Bd7 22. Nd6 Re6 23. Rxe6 Bxe6 24. Re1 Nc7 25. Rc1 Bd5 26. Nf5 Re8 27. Ne3 Bxb3 28. axb3 Re6 29. b4 g6 30. Ra1 a6 31. Kf1 Rd6 32. Rc1 b5 33. d5 Nxd5 34. Nxd5 cxd5 35. Rc8+ Kg7 36. Rc7+ Kh6 37. Ke2 Re6+ 38. Kd2 Re4 39. Rc6 Rxb4 40. Rxa6 Rxb2+ 41. Ke1 b4 42. Rd6 b3 43. Rxd5 Rc2 0-1

[Event "Wch Seniors 07th"]
[Site "Bad Wildbad"]
[Date "1997.??.??"]
[Round "3"]
[White "Winiwarter, Felix"]
[Black "Martinovsky, Eugene Simeon"]
[Result "1-0"]
[WhiteElo "2175"]
[BlackElo "2345"]
[PlyCount "87"]
[EventDate "1997.11.13"]
[EventType "swiss"]
[EventRounds "11"]
[EventCountry "GER"]
[SourceTitle "EXT 1999"]
[Source "ChessBase"]
[SourceDate "1998.11.16"]
[SourceVersion "1"]
[SourceVersionDate "1998.11.16"]
[SourceQuality "1"]

1. e4 e5 2. Nf3 Nc6 3. Bb5 a6 4. Ba4 Nf6 5. 0-0 Bc5 6. c3 b5 7. Bb3 d6 8. d4 Bb6 9. Re1 Bg4 10. d5 Ne7 11. Nbd2 0-0 12. h3 Bd7 13. Nf1 c6 14. dxc6 Bxc6 15. Ng3 Ng6 16. Qd3 Qd7 17. Bg5 Nf4 18. Qf1 N6h5 19. Nxh5 Nxh5 20. Rad1 Rae8 21. Kh2 Kh8 22. Nh4 f6 23. Bc1 g6 24. Bh6 Ng7 25. g4 Qe7 26. f4 Rd8 27. f5 g5 28. Nf3 Qa7 29. h4 gxh4 30. Nxh4 Bf2 31. Qh3 Bxh4 32. Qxh4 Rd7 33. Kg3 d5 34. Be3 d4 35. Qxh7+ Kxh7 36. Rh1+ Nh5+ 37. Rxh5+ Kg7 38. Bh6+ Kh8 39. Bxf8+ Rh7 40. Rdh1 dxc3 41. Rxh7+ Qxh7 42. Rxh7+ Kxh7 43. bxc3 Bxe4 44. Be6 1-0

[Event "Owens Corning"]
[Site "Wrexham"]
[Date "1996.??.??"]
[Round "?"]
[White "Karlsson, Lars"]
[Black "Martinovsky, Eugene Simeon"]
[Result "1/2-1/2"]
[WhiteElo "2470"]
[BlackElo "2260"]
[PlyCount "99"]
[EventDate "1996.10.??"]
[EventType "tourn"]
[EventRounds "9"]
[EventCountry "WLS"]
[EventCategory "7"]
[SourceTitle "CBM 055 Extra"]
[Source "ChessBase"]
[SourceDate "1997.01.01"]
[SourceVersion "1"]
[SourceVersionDate "1997.01.01"]
[SourceQuality "1"]

1. d4 Nf6 2. Bg5 d5 3. Bxf6 exf6 4. e3 Be6 5. Nf3 Bd6 6. Bd3 f5 7. Qe2 0-0 8. c4 c6 9. Nc3 Re8 10. 0-0 Nd7 11. Qc2 g6 12. Qb3 dxc4 13. Bxc4 Bxc4 14. Qxc4 Qe7 15. Rfe1 Nf6 16. Rad1 Rac8 17. Qa4 a6 18. Qb3 Kg7 19. Na4 Bb4 20. Rf1 b5 21. Nc3 Bxc3 22. Qxc3 Ne4 23. Qa5 Qc7 24. Qa3 Qd6 25. Qxd6 Nxd6 26. g3 Ne4 27. Rd3 c5 28. Ra3 Re6 29. dxc5 Rxc5 30. Nd4 Rd6 31. Rd3 Kf8 32. Rfd1 h5 33. f3 Ng5 34. h4 Ne6 35. Kf2 Ke8 36. Ke2 Kf8 37. b4 Rc4 38. a3 Rc8 39. Kd2 Rc4 40. Ke2 Rc8 41. Nxe6+ Rxe6 42. Rd8+ Rxd8 43. Rxd8+ Ke7 44. Ra8 Rd6 45. e4 fxe4 46. fxe4 Ke6 47. Ke3 Rc6 48. Kf4 Kf6 49. Ra7 Ke6 50. Ra8 1/2-1/2

[Event "Chicago US Masters"]
[Site "Chicago"]
[Date "1996.??.??"]
[Round "7"]
[White "Martinovsky, Eugene Simeon"]
[Black "Anderson, Renard"]
[Result "1/2-1/2"]
[WhiteElo "2285"]
[BlackElo "2270"]
[PlyCount "93"]
[EventDate "1996.03.07"]
[EventType "swiss"]
[EventRounds "7"]
[EventCountry "USA"]
[SourceTitle "EXT 2019"]
[Source "ChessBase"]
[SourceDate "2018.10.10"]
[SourceVersion "1"]
[SourceVersionDate "2018.10.10"]
[SourceQuality "1"]

1. d4 Nf6 2. c4 c5 3. e3 g6 4. Nc3 Bg7 5. Nf3 0-0 6. Be2 cxd4 7. Nxd4 Nc6 8. 0-0 d6 9. b3 a6 10. Bb2 Nxd4 11. Qxd4 Be6 12. Rfd1 Nd5 13. Qd2 Nxc3 14. Bxc3 Bxc3 15. Qxc3 Qc7 16. Qb2 Rfc8 17. h4 Qd8 18. Qd4 Qa5 19. a3 Qc5 20. Qe4 b5 21. b4 Qb6 22. Rac1 Rab8 23. h5 Rc7 24. cxb5 axb5 25. Rxc7 Qxc7 26. Qd4 Bb3 27. h6 f6 28. Rd2 Qc1+ 29. Kh2 Qc7 30. g3 Bf7 31. Bf3 Rc8 32. Bd5 Qd7 33. g4 Bxd5 34. Qxd5+ Kf8 35. f3 Rc3 36. Rd3 Rxd3 37. Qxd3 Qc6 38. Kg2 Kf7 39. e4 e6 40. Qd4 Qc2+ 41. Kg3 Qc1 42. Qa7+ Ke8 43. Qb8+ Ke7 44. Qb7+ Kd8 45. Qb8+ Ke7 46. Qa7+ Kd8 47. Qb8+ 1/2-1/2